| Tag |
First Indicator |
Second Indicator |
Subfields |
| LEADER |
00000cam a2200000 i 4500 |
| 001 |
in00003774583 |
| 005 |
20160510122043.0 |
| 008 |
141015s2015 caua b 001 0 eng |
| 010 |
|
|
|a 2014040955
|
| 035 |
|
|
|a (OCoLC)ocn881206961
|
| 040 |
|
|
|a DLC
|b eng
|e rda
|c DLC
|d BTCTA
|d BDX
|d UKMGB
|d YDXCP
|d NDD
|d OCLCF
|d CUY
|d PUL
|d AAA
|d DGU
|d Z5A
|d SFB
|d IOG
|d OCLCQ
|d TXA
|
| 015 |
|
|
|a GBB4E5563
|2 bnb
|
| 016 |
7 |
|
|a 016974889
|2 Uk
|
| 020 |
|
|
|a 9781452274188
|q (pbk. ;
|q alk. paper)
|
| 020 |
|
|
|a 1452274185
|q (pbk. ;
|q alk. paper)
|
| 042 |
|
|
|a pcc
|
| 050 |
0 |
0 |
|a HM538
|b .A94 2015
|
| 082 |
0 |
0 |
|a 300.72/3
|2 23
|
| 049 |
|
|
|a TXAM
|
| 090 |
|
|
|a HA29
|b .Q2 no.175
|
| 100 |
1 |
|
|a Auspurg, Katrin.
|
| 245 |
1 |
0 |
|a Factorial survey experiments /
|c Katrin Auspurg, Goethe University, Thomas Hinz, University of Konstanz.
|
| 264 |
|
1 |
|a Los Angeles :
|b SAGE,
|c [2015]
|
| 300 |
|
|
|a xvii, 143 pages :
|b illustrations ;
|c 22 cm.
|
| 336 |
|
|
|a text
|b txt
|2 rdacontent
|
| 337 |
|
|
|a unmediated
|b n
|2 rdamedia
|
| 338 |
|
|
|a volume
|b nc
|2 rdacarrier
|
| 490 |
1 |
|
|a Quantitative Applications in the Social Sciences ;
|v 175
|
| 504 |
|
|
|a Includes bibliographical references (pages 131-138) and index.
|
| 505 |
0 |
|
|a Introduction -- Why and when to use factorial survey methods -- Setting up the experimental design -- Setting up the survey -- Data analyses -- Further aspects -- Concluding remarks.
|
| 520 |
|
|
|a "Filling a gap in the literature of the field, this first-of-its-kind book provides researchers with a practical guide to using the factorial survey method to assess respondents' beliefs about the world, judgment principles, or decision rules through multi-dimensional stimuli ("vignettes") that resemble real-life decision-making situations. Using insightful examples to illustrate their arguments, the authors guide researchers through all relevant steps, including how to set up the factorial experimental design (drawing samples of vignettes and respondents), how to handle the practical challenges that must be mastered when an experimental plan with many different treatments is embedded in a survey format, and how to deal with questions of data analysis. In addition to providing the "how-tos" of designing factorial survey experiments, the authors cover recent developments of similar methods, such as conjoint analyses, choice experiments, and more advanced statistical tools."--Publisher's website.
|
| 650 |
|
0 |
|a Social surveys.
|
| 650 |
|
0 |
|a Factor analysis.
|
| 650 |
|
7 |
|a Factor analysis.
|2 fast
|0 (OCoLC)fst01432040
|
| 650 |
|
7 |
|a Social surveys.
|2 fast
|0 (OCoLC)fst01123390
|
| 700 |
1 |
|
|a Hintz, Thomas.
|
| 830 |
|
0 |
|a Quantitative applications in the social sciences ;
|v no. 07-175.
|
| 948 |
|
|
|a cataloged
|b h
|c 2016/5/10
|d c
|e ceaton
|f 12:20:12 pm
|
| 994 |
|
|
|a C0
|b TXA
|
| 999 |
f |
f |
|s 714d6fa5-b6ba-3bd7-bdfe-e5b734c5c7cc
|i 3649a794-a917-34fb-b481-aeebad6f9504
|t 0
|
| 952 |
f |
f |
|p normal
|a Texas A&M University
|b College Station
|c Sterling C. Evans Library
|d Evans: Library Stacks
|t 0
|e HA29 .Q2 no.175
|h Library of Congress classification
|i unmediated -- volume
|m A14843500803
|
| 998 |
f |
f |
|a HA29 .Q2 no.175
|t 0
|l Evans: Library Stacks
|